The secret life of words : (Record no. 218)

000 -LEADER
fixed length control field 01548cam a2200421 a 4500
001 - CONTROL NUMBER
control field 15327493
003 - CONTROL NUMBER IDENTIFIER
control field OSt
005 - DATE AND TIME OF LATEST TRANSACTION
control field 20210419051730.0
008 - FIXED-LENGTH DATA ELEMENTS--GENERAL INFORMATION
fixed length control field 080612s2008 nyu b 001 0 eng
010 ## - LIBRARY OF CONGRESS CONTROL NUMBER
LC control number 2008026055
015 ## - NATIONAL BIBLIOGRAPHY NUMBER
National bibliography number GBA804350
Source bnb
016 7# - NATIONAL BIBLIOGRAPHIC AGENCY CONTROL NUMBER
Record control number 014487572
Source Uk
020 ## - INTERNATIONAL STANDARD BOOK NUMBER
International Standard Book Number 9780374254100 (alk. paper)
020 ## - INTERNATIONAL STANDARD BOOK NUMBER
International Standard Book Number 0374254109 (alk. paper)
020 ## - INTERNATIONAL STANDARD BOOK NUMBER
International Standard Book Number 9780719564543 (hbk.)
020 ## - INTERNATIONAL STANDARD BOOK NUMBER
International Standard Book Number 0719564549 (hbk.)
035 ## - SYSTEM CONTROL NUMBER
System control number (OCoLC)231881869
Canceled/invalid control number (OCoLC)213300727
035 ## - SYSTEM CONTROL NUMBER
System control number (OCoLC)ocn231881869
040 ## - CATALOGING SOURCE
Original cataloging agency DLC
Transcribing agency DLC
Modifying agency BTCTA
-- BAKER
-- YDXCP
-- UKM
-- OCLCG
-- C#P
-- BWX
-- BWK
-- WIQ
-- VP@
-- SHH
-- DLC
050 00 - LIBRARY OF CONGRESS CALL NUMBER
Classification number PE1580
Item number .H45 2008
080 ## - UNIVERSAL DECIMAL CLASSIFICATION NUMBER
Universal Decimal Classification number 811
Item number H-70
082 00 - DEWEY DECIMAL CLASSIFICATION NUMBER
Classification number 422
Edition number 22
100 1# - MAIN ENTRY--PERSONAL NAME
Personal name Hitchings, Henry,
Dates associated with a name 1974-
245 14 - TITLE STATEMENT
Title The secret life of words :
Remainder of title how English became English /
Statement of responsibility, etc. Henry Hitchings.
250 ## - EDITION STATEMENT
Edition statement 1st American ed.
260 ## - PUBLICATION, DISTRIBUTION, ETC.
Place of publication, distribution, etc. New York :
Name of publisher, distributor, etc. Farrar, Straus and Giroux,
Date of publication, distribution, etc. 2008.
300 ## - PHYSICAL DESCRIPTION
Extent 440 p. ;
Dimensions 24 cm.
504 ## - BIBLIOGRAPHY, ETC. NOTE
Bibliography, etc. note Includes bibliographical references (p. 347-404) and indexes.
650 #0 - SUBJECT ADDED ENTRY--TOPICAL TERM
Topical term or geographic name entry element English language
General subdivision Lexicography
-- History.
650 #0 - SUBJECT ADDED ENTRY--TOPICAL TERM
Topical term or geographic name entry element English language
General subdivision Etymology.
653 ## - INDEX TERM--UNCONTROLLED
Uncontrolled term ინგლისური ენა
653 ## - INDEX TERM--UNCONTROLLED
Uncontrolled term ეტიმოლოგია
653 ## - INDEX TERM--UNCONTROLLED
Uncontrolled term ისტორია
856 41 - ELECTRONIC LOCATION AND ACCESS
Materials specified Table of contents only
Uniform Resource Identifier <a href="http://www.loc.gov/catdir/toc/ecip0821/2008026055.html">http://www.loc.gov/catdir/toc/ecip0821/2008026055.html</a>
906 ## - LOCAL DATA ELEMENT F, LDF (RLIN)
a 7
b cbc
c orignew
d 1
e ecip
f 20
g y-gencatlg
942 ## - ADDED ENTRY ELEMENTS (KOHA)
Source of classification or shelving scheme
Koha item type Books
Edition 1
Holdings
Withdrawn status Lost status Source of classification or shelving scheme Damaged status Not for loan Permanent location Current location Date acquired Inventory number Full call number Barcode Date last seen Price effective from Koha item type
          Ken Walker International University Ken Walker International University 11/12/2020 264 811 H-70 264 11/12/2020 11/12/2020 Books

Powered by Koha